[Event "ICS Rated blitz match"]
[Site "204.178.125.65"]
[Date "2001.08.06"]
[Round "?"]
[White "Tagotis"]
[Black "Hossa"]
[Result "0-1"]
[WhiteElo "2443"]
[BlackElo "2461"]
[PlyCount "135"]
[EventDate "2001.??.??"]

1. Nf3 Nf6 2. d4 g6 3. g3 Bg7 4. Bg2 O-O 5. O-O d5 6. Be3 Nc6 7. h3 Bf5 8. Bf4
Qc8 9. g4 Be4 10. c4 dxc4 11. Nbd2 Bd5 12. Re1 Ne4 13. Ne5 Nxe5 14. Bxe5 Bxe5
15. dxe5 Rd8 16. Bxe4 Bxe4 17. Qc1 Bd5 18. e4 Be6 19. Nxc4 Rd4 20. Na3 Rd3 21.
Re3 Qd7 22. Nc2 Rd2 23. Ne1 Rd8 24. b3 Rd1 25. Qxd1 Qxd1 26. Rxd1 Rxd1 27. f4
Bd7 28. Kf2 Bb5 29. Nf3 Bd3 30. e6 fxe6 31. a3 Bb5 32. Rc3 c6 33. g5 Bd3 34.
Ke3 Bf1 35. h4 Ba6 36. a4 Kf8 37. e5 Bf1 38. Nd2 Bg2 39. Ke2 Rh1 40. Kf2 Bd5
41. Kg3 Rg1+ 42. Kh3 Rd1 43. Nf3 Kf7 44. Kg4 b6 45. a5 bxa5 46. h5 Bxf3+ 47.
Rxf3 Rg1+ 48. Kh4 Rh1+ 49. Kg3 gxh5 50. Rc3 Rg1+ 51. Kf2 Rb1 52. Rxc6 Rxb3 53.
Ra6 Ra3 54. Rxa7 a4 55. Kg2 Ra1 56. Kh3 a3 57. Kg2 a2 58. g6+ Kxg6 59. Kh2 Kf5
60. Ra4 h4 61. Ra6 Kxf4 62. Ra5 Ke4 63. Kg2 h3+ 64. Kh2 Kf4 65. Ra8 Kxe5 66.
Ra4 Kd5 67. Ra3 e5 68. Ra4 {Tagotis resigns} 0-1

[Event "ICS Rated blitz match"]
[Site "204.178.125.65"]
[Date "2001.08.06"]
[Round "?"]
[White "Hossa"]
[Black "Tagotis"]
[Result "1-0"]
[WhiteElo "2463"]
[BlackElo "2348"]
[PlyCount "48"]
[EventDate "2001.??.??"]

1. e4 c5 2. Bc4 Nc6 3. Nf3 d6 4. O-O Nf6 5. d3 e6 6. Bb5 Bd7 7. Bg5 a6 8. Bxc6
Bxc6 9. e5 dxe5 10. Nxe5 Qd5 11. Nxc6 Qxg5 12. Na5 b6 13. Nc4 b5 14. Ne3 Bd6
15. g3 O-O 16. Nc3 Be5 17. f4 Qh6 18. Qe2 Bd4 19. Ncd1 Rad8 20. a4 Qg6 21. axb5
axb5 22. Ra5 b4 23. Kh1 b3 24. f5 e5 {Tagotis resigns} 1-0

[Event "ICS rated blitz match"]
[Site "204.178.125.65"]
[Date "2001.08.06"]
[Round "?"]
[White "Tagotis"]
[Black "Hossa"]
[Result "1-0"]
[WhiteElo "2291"]
[BlackElo "2465"]
[PlyCount "68"]
[EventDate "2001.??.??"]

1. e4 c5 2. Nf3 d6 3. Bb5+ Bd7 4. Bxd7+ Nxd7 5. O-O Ngf6 6. Re1 e6 7. c3 Be7 8.
d4 cxd4 9. cxd4 O-O 10. Nc3 Rc8 11. Qb3 Nb6 12. a4 Qd7 13. Nb5 a5 14. Na7 Ra8
15. Qxb6 Bd8 16. Qb5 Rxa7 17. Qxd7 Nxd7 18. b3 Ra6 19. Ba3 Bc7 20. Rac1 Rc8 21.
d5 exd5 22. Nd4 Nc5 23. Nf5 Kf8 24. e5 Raa8 25. exd6 b6 26. Rxc5 bxc5 27. Bxc5
Bb6 28. Bxb6 Rc6 29. Bc7 Rc3 30. Bxa5 Rxa5 31. d7 Ra8 32. Nd6 g6 33. Re8+ Kg7
34. g4 Rc7 {Hossa resigns} 1-0

[Event "ICS rated blitz match"]
[Site "204.178.125.65"]
[Date "2001.08.06"]
[Round "?"]
[White "Hossa"]
[Black "AvernoX"]
[Result "1-0"]
[WhiteElo "2459"]
[BlackElo "2290"]
[PlyCount "77"]
[EventDate "2001.??.??"]

1. e4 d5 2. exd5 Qxd5 3. d4 Nc6 4. Be3 e5 5. Nc3 Bb4 6. Qd2 Bxc3 7. bxc3 Kf8 8.
c4 Qe4 9. d5 Nd4 10. O-O-O Nf5 11. Bc5+ Nd6 12. Re1 Qf5 13. g4 Qxg4 14. Rxe5 b6
15. Ba3 Nf6 16. f3 Qh4 17. Qe3 Ba6 18. c5 Bxf1 19. cxd6 Kg8 20. dxc7 Bg2 21. d6
h5 22. d7 Nxd7 23. Re4 Qf6 24. Re8+ Kh7 25. Qe4+ Kh6 26. Rxa8 Qa1+ 27. Kd2 Rxa8
28. Qxa8 Qd4+ 29. Ke2 Qe5+ 30. Kf2 Bxh1 31. Bc1+ g5 32. Qc6+ f6 33. Be3 Qxh2+
34. Ke1 Bxf3 35. Bxg5+ Kg6 36. Nxf3 Qg3+ 37. Ke2 Qxc7 38. Qxc7 fxg5 39. Qxd7 {
AvernoX resigns} 1-0

[Event "ICS rated blitz match"]
[Site "204.178.125.65"]
[Date "2001.08.06"]
[Round "?"]
[White "chessdennis"]
[Black "Hossa"]
[Result "0-1"]
[WhiteElo "2094"]
[BlackElo "2476"]
[PlyCount "68"]
[EventDate "2001.??.??"]

1. e4 c5 2. Nf3 d6 3. d4 cxd4 4. Nxd4 e5 5. Nb3 Nf6 6. Nc3 Be7 7. Be2 O-O 8.
Be3 Be6 9. O-O Nc6 10. Qd2 d5 11. exd5 Nxd5 12. Nxd5 Qxd5 13. Qxd5 Bxd5 14. c3
Rfd8 15. Rfd1 b6 16. f3 Rd6 17. Nd2 Rad8 18. b3 f5 19. Nc4 R6d7 20. Nb2 f4 21.
Bf2 e4 22. fxe4 Bxe4 23. Rxd7 Rxd7 24. Rd1 Rxd1+ 25. Nxd1 Bf6 26. Bf3 Bxf3 27.
gxf3 Ne5 28. Kg2 Nd3 29. a4 Kf7 30. a5 bxa5 31. Bxa7 Nc1 32. b4 a4 33. b5 a3
34. b6 Be5 {chessdennis resigns} 0-1

[Event "ICS Rated blitz match"]
[Site "204.178.125.65"]
[Date "2001.08.06"]
[Round "?"]
[White "Hossa"]
[Black "chessdennis"]
[Result "1-0"]
[WhiteElo "2479"]
[BlackElo "2091"]
[PlyCount "141"]
[EventDate "2001.??.??"]

1. d4 Nf6 2. Bg5 c6 3. Nc3 d5 4. e3 Bf5 5. Bd3 Bg6 6. Bxg6 hxg6 7. Qd2 Nbd7 8.
O-O-O a5 9. Kb1 a4 10. Nh3 Qa5 11. f3 e6 12. Ne2 Qb6 13. Bf4 a3 14. b3 Be7 15.
Ng5 Nh5 16. e4 O-O 17. h4 Nxf4 18. Qxf4 Nf6 19. g4 Qd8 20. e5 Nd7 21. c3 c5 22.
Rh2 c4 23. Nc1 cxb3 24. Nxb3 Nb6 25. Rc1 Na4 26. Rhc2 Rc8 27. c4 dxc4 28. Rxc4
Rxc4 29. Rxc4 Nb6 30. Rc2 Nd5 31. Qc1 Qd7 32. Ne4 Qb5 33. Nc3 Nxc3+ 34. Rxc3
Bxh4 35. Qd1 Bg5 36. Rc5 Qb6 37. Rc2 Rd8 38. Qf1 Bf4 39. Rc3 Qa6 40. Qxa6 bxa6
41. Rc6 Be3 42. Rxa6 Bxd4 43. Nxd4 Rxd4 44. Rxa3 Rd5 45. Ra8+ Kh7 46. Rf8 Rxe5
47. Rxf7 g5 48. Rf8 Kg6 49. a3 Ra5 50. Kb2 e5 51. Kb3 Ra7 52. a4 e4 53. fxe4
Re7 54. a5 Rxe4 55. a6 Re7 56. Kc4 Re4+ 57. Kb5 Re5+ 58. Kb6 Re6+ 59. Kb7 Re7+
60. Kb8 Kh7 61. a7 Rxa7 62. Kxa7 g6 63. Rf7+ Kh6 64. Rf1 Kg7 65. Kb6 Kh6 66.
Kc6 Kg7 67. Kd7 Kh6 68. Rh1+ Kg7 69. Ke7 Kg8 70. Kf6 Kf8 71. Rh8# {
chessdennis checkmated} 1-0

[Event "ICS Rated blitz match"]
[Site "204.178.125.65"]
[Date "2001.08.06"]
[Round "?"]
[White "chessdennis"]
[Black "Hossa"]
[Result "0-1"]
[WhiteElo "2088"]
[BlackElo "2482"]
[PlyCount "54"]
[EventDate "2001.??.??"]

1. d4 Nf6 2. Nf3 g6 3. g3 d5 4. Bg2 c6 5. O-O Bg7 6. c4 dxc4 7. Ne5 Ng4 8. Nxg4
Bxg4 9. h3 Be6 10. e3 Qd7 11. Kh2 O-O 12. Na3 Na6 13. Qe2 b5 14. Nc2 c3 15. Rd1
Bc4 16. Qf3 cxb2 17. Bxb2 Rac8 18. e4 f5 19. e5 Bd5 20. Qe3 f4 21. gxf4 Bh6 22.
Bxd5+ cxd5 23. Qb3 Rxf4 24. Ne3 Rxf2+ 25. Ng2 Rcc2 26. Rg1 Rxb2 27. Qa3 Qf5 {
chessdennis resigns} 0-1

[Event "ICS rated blitz match"]
[Site "204.178.125.65"]
[Date "2001.08.06"]
[Round "?"]
[White "Hossa"]
[Black "chessdennis"]
[Result "1-0"]
[WhiteElo "2485"]
[BlackElo "2085"]
[PlyCount "73"]
[EventDate "2001.??.??"]

1. d4 Nf6 2. Bg5 d5 3. Bxf6 exf6 4. e3 Bd6 5. c4 dxc4 6. Bxc4 c6 7. Nf3 O-O 8.
O-O Bg4 9. Nbd2 Nd7 10. Ne4 Bc7 11. Qe2 Re8 12. Bd3 Nf8 13. h3 Bh5 14. Nc5 Rb8
15. Be4 Qd6 16. g4 Bg6 17. Qc2 Bxe4 18. Nxe4 Qd5 19. Ned2 Ng6 20. Qf5 Ne7 21.
Qxd5 Nxd5 22. Kg2 Kf8 23. Rfd1 Rbd8 24. Nb3 Bb6 25. Nfd2 Re7 26. Kf3 Bc7 27. a3
Bb8 28. Nc5 Nb6 29. Nde4 Nc8 30. Rac1 Nd6 31. Nc3 Nc8 32. d5 cxd5 33. Nxd5 Re5
34. Nxf6 Rxd1 35. Nfd7+ Ke7 36. Rxd1 Rg5 37. Ne4 {chessdennis resigns} 1-0

[Event "ICS Rated blitz match"]
[Site "204.178.125.65"]
[Date "2001.08.06"]
[Round "?"]
[White "chessdennis"]
[Black "Hossa"]
[Result "0-1"]
[WhiteElo "2082"]
[BlackElo "2488"]
[PlyCount "50"]
[EventDate "2001.??.??"]

1. d4 Nf6 2. c4 e6 3. Nc3 Bb4 4. Nf3 O-O 5. g3 d5 6. Bg2 dxc4 7. O-O c5 8. dxc5
Qc7 9. Bg5 Nbd7 10. Qc2 Qxc5 11. Rac1 Bxc3 12. Qxc3 b5 13. Bxf6 Nxf6 14. Ne5
Nd5 15. Qf3 Qd4 16. Nc6 Qxb2 17. Ne7+ Kh8 18. Nxd5 exd5 19. Qxd5 Bg4 20. e3
Rad8 21. Qc5 Be2 22. Rfe1 a6 23. a3 Qd2 24. Bb7 Qd7 25. Bxa6 Bf3 {
chessdennis resigns} 0-1

[Event "ICS Rated blitz match"]
[Site "204.178.125.65"]
[Date "2001.08.06"]
[Round "?"]
[White "Hossa"]
[Black "chessdennis"]
[Result "1-0"]
[WhiteElo "2491"]
[BlackElo "2079"]
[PlyCount "139"]
[EventDate "2001.??.??"]

1. e4 c6 2. Nf3 d5 3. exd5 cxd5 4. d4 Nf6 5. Bd3 g6 6. O-O Bg7 7. Bf4 O-O 8.
Re1 Nc6 9. c3 Bg4 10. Nbd2 Qb6 11. Nb3 e6 12. h3 Bxf3 13. Qxf3 Rfe8 14. Bg5 Nd7
15. Rab1 Na5 16. Nd2 Rac8 17. h4 Qc6 18. h5 Nb6 19. hxg6 hxg6 20. Qh3 Nac4 21.
Nf3 Nd7 22. Qh4 Nf8 23. b3 Nd6 24. Bd2 Nh7 25. a4 Qc7 26. Rbc1 Qe7 27. Ng5 Nxg5
28. Bxg5 Qd7 29. Bf4 a6 30. Re2 Qd8 31. Bg5 Qd7 32. Bh6 Qe7 33. Qh2 Bxh6 34.
Qxh6 Qf6 35. Re3 Qg7 36. Qh2 Rc6 37. Rh3 Rec8 38. a5 Ne8 39. Be2 Nf6 40. c4 Ne4
41. Rd1 Nf6 42. Bf3 R6c7 43. cxd5 Nxd5 44. Bxd5 exd5 45. Qd6 Rc1 46. Rxc1 Rxc1+
47. Kh2 Rc8 48. Qd7 Qf8 49. Qxd5 Rd8 50. Qxb7 Qd6+ 51. Kg1 Qxd4 52. Qxa6 Qd1+
53. Kh2 Rd6 54. Qc8+ Rd8 55. Qc5 Rd5 56. Qe7 Rh5 57. b4 Rxh3+ 58. Kxh3 Qd3+ 59.
f3 Qf5+ 60. Kg3 g5 61. Qd6 Qb1 62. Qd8+ Kh7 63. Qxg5 Qe1+ 64. Kh2 Qxb4 65. Qh5+
Kg7 66. Qg4+ Qxg4 67. fxg4 Kg6 68. a6 Kg5 69. a7 f5 70. gxf5 {
chessdennis resigns} 1-0

[Event "ICS rated blitz match"]
[Site "204.178.125.65"]
[Date "2001.08.06"]
[Round "?"]
[White "chessdennis"]
[Black "Hossa"]
[Result "0-1"]
[WhiteElo "2076"]
[BlackElo "2494"]
[PlyCount "58"]
[EventDate "2001.??.??"]

1. d4 Nf6 2. Nf3 g6 3. c4 Bg7 4. Nc3 O-O 5. Bg5 h6 6. Bh4 d6 7. e3 c5 8. dxc5
dxc5 9. Qxd8 Rxd8 10. Be2 Bf5 11. Kf1 Nc6 12. a3 Ne4 13. Rc1 Nxc3 14. bxc3 Rd7
15. Ne1 Rad8 16. f3 Na5 17. e4 Be6 18. Bf2 Nxc4 19. Bxc5 Nd2+ 20. Kf2 Nb3 21.
Be3 Nxc1 22. Bxc1 Rc7 23. Nd3 Rxc3 24. Nf4 Bd4+ 25. Kg3 Be5 26. Kf2 Rxc1 27.
Nxe6 Rxh1 28. Nxd8 Bc7 29. Nxb7 Rb1 {chessdennis resigns} 0-1

[Event "ICS rated blitz match"]
[Site "204.178.125.65"]
[Date "2001.08.06"]
[Round "?"]
[White "Tinker"]
[Black "Hossa"]
[Result "1/2-1/2"]
[WhiteElo "2412"]
[BlackElo "2485"]
[PlyCount "91"]
[EventDate "2001.??.??"]

1. e4 c5 2. Nf3 d6 3. d4 cxd4 4. Nxd4 e5 5. Bb5+ Bd7 6. Bxd7+ Qxd7 7. Nb3 Nf6
8. Nc3 Be7 9. O-O a5 10. Bg5 a4 11. Nd2 O-O 12. a3 Rc8 13. Nf3 Ra5 14. Qd3 Qc7
15. Rfd1 Nbd7 16. Qf1 Nb6 17. h3 Rd8 18. Bh4 d5 19. exd5 Nbxd5 20. Nxd5 Rdxd5
21. c4 Rxd1 22. Rxd1 Rc5 23. Nd2 Rc6 24. Re1 Rb6 25. Nf3 Rxb2 26. Rxe5 Qd8 27.
Re3 Rc2 28. Bxf6 gxf6 29. Qe1 Bf8 30. Re4 f5 31. Re8 Qd6 32. Qb1 Rxc4 33. Qxf5
Qf4 34. Qb5 Rc7 35. Ne1 Re7 36. Nd3 Qd2 37. Ra8 f6 38. Qd5+ Rf7 39. Qf3 b5 40.
Rd8 Qc3 41. Qg3+ Kh8 42. Qd6 Kg7 43. Qg3+ Kh8 44. Qd6 Kg7 45. Qg3+ Kh8 46. Qd6
{Game drawn by repetition} 1/2-1/2

[Event "ICS Rated blitz match"]
[Site "204.178.125.65"]
[Date "2001.08.06"]
[Round "?"]
[White "Hossa"]
[Black "Abraxis"]
[Result "1-0"]
[WhiteElo "2482"]
[BlackElo "2696"]
[PlyCount "143"]
[EventDate "2001.??.??"]

1. e4 c5 2. g3 Nc6 3. Bg2 g6 4. Ne2 Bg7 5. O-O e6 6. c3 d5 7. exd5 exd5 8. d4
cxd4 9. cxd4 Nf6 10. Nbc3 O-O 11. Bg5 Be6 12. Qd2 Re8 13. Nf4 Qd6 14. Nb5 Qd7
15. Nxe6 fxe6 16. Rfe1 Ne4 17. Bxe4 dxe4 18. Be3 a6 19. Nc3 e5 20. d5 Nd4 21.
Bxd4 exd4 22. Nxe4 Qxd5 23. Qd3 Re7 24. f3 Rf8 25. Re2 Rc7 26. f4 Rfc8 27. Kg2
a5 28. Qf3 Kh8 29. Ng5 Qxf3+ 30. Kxf3 Bf6 31. Ne4 Be7 32. Rd1 Rd7 33. Red2 Rc4
34. b3 Rb4 35. g4 a4 36. Rd3 axb3 37. axb3 Rd5 38. Rc1 h5 39. h3 b6 40. Rc7 Bd8
41. Rb7 Kg8 42. gxh5 gxh5 43. Nd2 Bf6 44. Ke4 Rd8 45. Nc4 Re8+ 46. Kf5 Rf8 47.
Kg6 Bh8 48. Rg3 Rxf4 49. Rb8+ Rf8 50. Kh6+ Kf7 51. Rf3+ Bf6 52. Rxf8+ Kxf8 53.
Rxf6+ Ke7 54. Rxb6 Rxb6+ 55. Nxb6 h4 56. Kg5 Kd6 57. Nc4+ Kc5 58. Kxh4 Kb4 59.
Kg4 Kxb3 60. Nd2+ Kc3 61. Nb1+ Kc4 62. Kf4 Kc5 63. Ke4 d3 64. Kxd3 Kd5 65. h4
Ke5 66. Ke3 Kf5 67. Kf3 Kg6 68. Kg4 Kh6 69. h5 Kh7 70. Kg5 Kg7 71. h6+ Kh7 72.
Nc3 {Abraxis resigns} 1-0

[Event "ICS rated blitz match"]
[Site "204.178.125.65"]
[Date "2001.08.06"]
[Round "?"]
[White "monsoon"]
[Black "Hossa"]
[Result "1-0"]
[WhiteElo "2578"]
[BlackElo "2507"]
[PlyCount "129"]
[EventDate "2001.??.??"]

1. e4 c5 2. Nf3 d6 3. d4 cxd4 4. Nxd4 e5 5. Bb5+ Bd7 6. Bxd7+ Qxd7 7. Nf5 Nf6
8. Nc3 Nxe4 9. Nxg7+ Bxg7 10. Nxe4 d5 11. Bh6 O-O 12. Bxg7 Kxg7 13. Ng3 Qb5 14.
Qf3 Qc4 15. Nh5+ Kg6 16. Qf6+ Kxh5 17. h3 Qe4+ 18. Kf1 Qg6 19. g4+ Kh6 20. g5+
Kh5 21. Qf3+ Kxg5 22. Rg1+ Kh6 23. Qe3+ Kg7 24. Qxe5+ f6 25. Qxd5 Nc6 26. Rxg6+
hxg6 27. c3 Rad8 28. Qb3 Rf7 29. Rd1 Re8 30. Re1 Rd8 31. Kg1 Ne5 32. Rd1 Nd3
33. a3 Re7 34. h4 b6 35. Qb5 Red7 36. h5 Rd5 37. Qa4 a5 38. Qc6 gxh5 39. Qxb6
R8d6 40. Qe3 Kf7 41. c4 Re5 42. Qf3 Ne1 43. Qb7+ Re7 44. Qh1 Rxd1 45. Qxh5+ Kg7
46. Qxd1 Re4 47. b4 axb4 48. axb4 Re8 49. b5 Kf8 50. Kf1 Re7 51. b6 Ke8 52. Qd5
Nc2 53. Qb5+ Kf8 54. b7 Re1+ 55. Kg2 Re8 56. b8=Q Rxb8 57. Qxb8+ Kg7 58. c5 Kg6
59. Qe8+ Kf5 60. c6 Na1 61. c7 Kf4 62. c8=Q Nc2 63. Kh3 f5 64. Qc4+ Kg5 65.
Qh4# {Hossa checkmated} 1-0

[Event "ICS rated blitz match"]
[Site "204.178.125.65"]
[Date "2001.08.06"]
[Round "?"]
[White "Hossa"]
[Black "monsoon"]
[Result "1-0"]
[WhiteElo "2494"]
[BlackElo "2591"]
[PlyCount "147"]
[EventDate "2001.??.??"]

1. e4 c5 2. g3 Nc6 3. Bg2 g6 4. Ne2 Bg7 5. O-O d6 6. d3 Nf6 7. Bg5 O-O 8. Nbc3
Bg4 9. f3 Bd7 10. Qd2 a6 11. Bh6 e5 12. Bxg7 Kxg7 13. f4 Kh8 14. fxe5 dxe5 15.
Na4 Qe7 16. Nb6 Rad8 17. Nd5 Nxd5 18. exd5 Nd4 19. Nxd4 cxd4 20. Rf2 Bg4 21.
Qh6 f5 22. Re1 Rfe8 23. h3 Bh5 24. c4 dxc3 25. bxc3 Qg7 26. Qe3 Rd7 27. c4 Rf7
28. d6 g5 29. Qc5 g4 30. h4 f4 31. gxf4 Rxf4 32. Rb2 b5 33. cxb5 axb5 34. Rxb5
Bg6 35. Rxe5 Ref8 36. Re7 Qa1+ 37. Kh2 Qf6 38. Qe5 Bxd3 39. Re8 Rxe8 40. Qxe8+
Kg7 41. Rg5+ Bg6 42. Qe7+ Kh6 43. Qxf6 Rxf6 44. d7 Rf8 45. a4 Rd8 46. Bc6 Bd3
47. Re5 Bc4 48. Re8 Bd5 49. Rxd8 Bxc6 50. a5 Bb5 51. a6 Kh5 52. a7 Bc6 53. Rh8
Bxd7 54. Rxh7+ Kg6 55. Rxd7 Kf5 56. Rd5+ Kf6 57. Kg3 Ke6 58. Re5+ Kxe5 59. h5
Kd6 60. h6 Kd5 61. h7 Kc6 62. a8=Q+ Kd7 63. Qd5+ Kc7 64. Qe5+ Kb6 65. Qd4+ Kc7
66. Qc5+ Kd7 67. Qf5+ Kc6 68. Qc2+ Kb7 69. Qb3+ Kc6 70. Qa4+ Kd5 71. Qb5+ Ke6
72. Qc6+ Kf7 73. h8=Q Ke7 74. Qhe8# {monsoon checkmated} 1-0

[Event "ICS Rated blitz match"]
[Site "204.178.125.65"]
[Date "2001.08.06"]
[Round "?"]
[White "Hossa"]
[Black "QueenMaxima"]
[Result "0-1"]
[WhiteElo "2514"]
[BlackElo "2461"]
[PlyCount "170"]
[EventDate "2001.??.??"]

1. e4 a5 2. d4 d5 3. exd5 Qxd5 4. Nc3 Qe6+ 5. Be3 Nf6 6. d5 Qg4 7. Qxg4 Bxg4 8.
f3 Bd7 9. Bc4 a4 10. O-O-O a3 11. b3 g6 12. Nb5 Kd8 13. Ne2 Bg7 14. Rhe1 Ra5
15. Nec3 Ne8 16. b4 Ra8 17. Bc5 Nd6 18. Nxd6 exd6 19. Bd4 Bxd4 20. Rxd4 f5 21.
b5 Re8 22. Rdd1 h6 23. Kd2 Ra5 24. g3 Rf8 25. Rb1 f4 26. g4 Re8 27. h3 b6 28.
Kd3 g5 29. Kd4 Rh8 30. Rb3 Be8 31. Nb1 Nd7 32. Rc1 Ne5 33. Be2 Bg6 34. Rxa3
Rxa3 35. Nxa3 Re8 36. Rf1 Nxg4 37. hxg4 Rxe2 38. Rh1 Rd2+ 39. Kc3 Rf2 40. Rh3
Bf7 41. Kd4 Rd2+ 42. Kc3 Rxd5 43. Rxh6 Re5 44. Kb2 Ke7 45. Rh3 Re2 46. Nb1 Bg6
47. Na3 Ke6 48. Kb3 Ke5 49. Kc3 Re3+ 50. Kb2 Bf7 51. Nb1 Bd5 52. Nd2 Kd4 53.
Rh5 Re2 54. Nb3+ Ke3 55. Rxg5 Bxf3 56. Rg7 c6 57. bxc6 Bxc6 58. Rc7 Bd5 59.
Rc3+ Ke4 60. Rd3 Ke5 61. Rh3 f3 62. Kc3 f2 63. Rh5+ Ke4 64. Rf5 Be6 65. Rf8
Bxb3 66. axb3 Re3+ 67. Kd2 Rf3 68. Re8+ Kd4 69. Re1 fxe1=Q+ 70. Kxe1 Rg3 71.
Kf1 Rxg4 72. b4 Kc3 73. b5 Rb4 74. Kf2 Rxb5 75. Ke3 Re5+ 76. Kf4 Kxc2 77. Kf3
Kd3 78. Kf2 Re3 79. Kg1 Re2 80. Kf1 d5 81. Kg1 d4 82. Kf1 Ke3 83. Kg1 d3 84.
Kh1 d2 85. Kg1 d1=Q# {Hossa checkmated} 0-1

[Event "ICS rated standard match"]
[Site "204.178.125.65"]
[Date "2001.08.06"]
[Round "?"]
[White "Hossa"]
[Black "Abraxis"]
[Result "0-1"]
[WhiteElo "2149"]
[BlackElo "2561"]
[PlyCount "85"]
[EventDate "2001.??.??"]

1. d4 Nf6 2. Bg5 e6 3. e4 h6 4. Bxf6 Qxf6 5. Nc3 d6 6. Qd2 a6 7. O-O-O Qe7 8.
f4 g6 9. g4 Bg7 10. Kb1 b5 11. Nf3 b4 12. Ne2 c5 13. dxc5 dxc5 14. Ng3 Nc6 15.
e5 Bb7 16. Qe3 O-O 17. Ne4 Rfd8 18. Be2 Nd4 19. Nxd4 cxd4 20. Rxd4 Rxd4 21.
Qxd4 Rd8 22. Qe3 a5 23. h4 a4 24. Bf3 a3 25. b3 Bxe4 26. Bxe4 Qc7 27. Re1 g5
28. hxg5 hxg5 29. c4 bxc3 30. Bc2 gxf4 31. Qxf4 Rd5 32. Qh2 Bxe5 33. Qh6 Bg7
34. Qh4 Rd2 35. Rh1 Qc6 36. Qh7+ Kf8 37. Rg1 Qd5 38. Rc1 f5 39. Qh1 Rxc2 40.
Qxd5 Rb2+ 41. Ka1 exd5 42. gxf5 c2 43. Rxc2 {Hossa resigns} 0-1

[Event "ICS rated blitz match"]
[Site "204.178.125.65"]
[Date "2001.08.06"]
[Round "?"]
[White "QuarkX"]
[Black "Hossa"]
[Result "1/2-1/2"]
[WhiteElo "2611"]
[BlackElo "2498"]
[PlyCount "118"]
[EventDate "2001.??.??"]

1. d4 Nf6 2. Nf3 g6 3. c4 Bg7 4. g3 Ne4 5. Bg2 O-O 6. Nc3 Nxc3 7. bxc3 c6 8.
Qb3 d6 9. O-O e5 10. e4 c5 11. d5 f5 12. exf5 Rxf5 13. Be3 Qc7 14. Ng5 Na6 15.
Bh3 Rf6 16. Ne6 Qb8 17. Bg5 Rf7 18. Bg2 h6 19. Be3 Re7 20. Qb1 Bxe6 21. dxe6
Qe8 22. Rd1 Rd8 23. Qb5 Nc7 24. Qxb7 Nxe6 25. Qa6 e4 26. Rab1 Nc7 27. Qa5 Na8
28. Bxc5 Re5 29. Rb5 a6 30. Rxd6 Rxd6 31. Bxd6 axb5 32. Bxe5 Bxe5 33. cxb5 Nc7
34. b6 Nb5 35. c4 Nc3 36. b7 Kg7 37. c5 Qf8 38. c6 Qd6 39. Bf1 Bd4 40. a4 h5
41. Bb5 Be5 42. h3 Qc5 43. Qd8 Bxg3 44. Qd2 Nxb5 45. axb5 Bd6 46. Kg2 Qe5 47.
Qe3 Kf6 48. b6 Qh2+ 49. Kf1 Qh1+ 50. Ke2 Qa1 51. Qb3 Bf4 52. Qb5 Qa2+ 53. Kf1
Qa3 54. c7 Qxh3+ 55. Ke1 Qc3+ 56. Kf1 Qh3+ 57. Ke1 Qc3+ 58. Kf1 Qh3+ 59. Ke1
Qc3+ {Game drawn by repetition} 1/2-1/2

[Event "ICS rated blitz match"]
[Site "204.178.125.65"]
[Date "2001.08.06"]
[Round "?"]
[White "Hossa"]
[Black "nyul"]
[Result "1-0"]
[WhiteElo "2503"]
[BlackElo "2038"]
[PlyCount "57"]
[EventDate "2001.??.??"]

1. d4 d5 2. c4 e6 3. Nf3 Nf6 4. Nc3 c6 5. cxd5 exd5 6. Bg5 Bf5 7. e3 Bb4 8. Qb3
Qb6 9. Bxf6 gxf6 10. Be2 Na6 11. Bxa6 Bxc3+ 12. bxc3 Qxa6 13. Qb4 O-O-O 14. Nh4
Bg6 15. h3 Bh5 16. Qb2 Rhe8 17. Rb1 b6 18. Nf5 Bg6 19. Qc2 Re4 20. g4 h5 21.
Rg1 Qb7 22. c4 Bxf5 23. gxf5 Qe7 24. cxd5 c5 25. dxc5 bxc5 26. Qc3 Rxd5 27. Qa5
Rxe3+ 28. Kf1 Re2 29. Qa6+ {nyul resigns} 1-0

[Event "ICS rated blitz match"]
[Site "204.178.125.65"]
[Date "2001.08.06"]
[Round "?"]
[White "nyul"]
[Black "Hossa"]
[Result "1/2-1/2"]
[WhiteElo "2036"]
[BlackElo "2505"]
[PlyCount "172"]
[EventDate "2001.??.??"]

1. e4 c5 2. c4 Nc6 3. d3 g6 4. Nc3 Bg7 5. Nf3 d6 6. h3 f5 7. Be3 e6 8. Qd2 Nge7
9. Be2 O-O 10. Bh6 Nd4 11. Bd1 fxe4 12. dxe4 Nec6 13. Bxg7 Kxg7 14. O-O Nxf3+
15. Bxf3 Nd4 16. Bd1 Bd7 17. Ne2 e5 18. Nxd4 cxd4 19. Qb4 Bc6 20. f3 Qe7 21.
Ba4 Rad8 22. Rac1 Rc8 23. Qa5 b6 24. Qb4 a5 25. Qa3 Qh4 26. Bxc6 Rxc6 27. Qd3
Qf4 28. b3 a4 29. Ra1 Rc7 30. Rfb1 axb3 31. Rxb3 Rb7 32. a4 Rfb8 33. Rab1 Qf7
34. Qc2 Qc7 35. Rb4 Ra7 36. Qb3 Ra6 37. Kh2 Kh8 38. Rb2 h6 39. Qd3 Rba8 40. Qd2
Kh7 41. Qd1 Qc5 42. Qb3 Kg7 43. Rb5 Qc6 44. Rb4 Qd7 45. Rxb6 Rxb6 46. Qxb6 Rxa4
47. Qb8 Ra7 48. Rb6 Rc7 49. Ra6 Qf7 50. Ra8 Kf6 51. h4 g5 52. Qh8+ Qg7 53. Rf8+
Rf7 54. Qxg7+ Kxg7 55. Rd8 Rf6 56. hxg5 hxg5 57. Kg1 Kh7 58. Kf2 g4 59. Ke2
gxf3+ 60. gxf3 Kg7 61. Rd7+ Kf8 62. Ra7 Rf7 63. Ra6 Ke7 64. Ra5 Ke6 65. c5 dxc5
66. Rxc5 Rf4 67. Rc6+ Ke7 68. Rh6 Rf8 69. Rc6 Ra8 70. f4 exf4 71. Kd3 Rf8 72.
Kxd4 f3 73. Rc1 f2 74. Rf1 Rf3 75. e5 Ke6 76. Ke4 Rf8 77. Ke3 Kd7 78. Rxf2 Re8
79. Ke4 Ke7 80. Ra2 Rf8 81. Ra7+ Ke6 82. Ra6+ Ke7 83. Ra7+ Ke6 84. Ra6+ Ke7 85.
Ra7+ Ke6 86. Ra6+ Ke7 {Game drawn by repetition} 1/2-1/2

[Event "ICS rated blitz match"]
[Site "204.178.125.65"]
[Date "2001.08.06"]
[Round "?"]
[White "Hossa"]
[Black "nyul"]
[Result "1-0"]
[WhiteElo "2491"]
[BlackElo "2050"]
[PlyCount "88"]
[EventDate "2001.??.??"]

1. d4 d5 2. Bg5 Nf6 3. Nc3 e6 4. e4 dxe4 5. Nxe4 Be7 6. Nxf6+ Bxf6 7. Bxf6 Qxf6
8. c3 O-O 9. Qf3 Qxf3 10. Nxf3 Nc6 11. Kd2 Bd7 12. Bd3 Rfe8 13. Be4 Rad8 14.
Rhe1 e5 15. dxe5 Bg4+ 16. Kc2 Bxf3 17. Bxf3 Rxe5 18. Rxe5 Nxe5 19. Bxb7 Ng4 20.
h3 Ne5 21. Re1 f6 22. f4 Ng6 23. Re4 Kf8 24. Ra4 Re8 25. f5 Ne7 26. g4 g6 27.
fxg6 Nxg6 28. Be4 Nf4 29. Bxh7 Nxh3 30. Rxa7 Re7 31. Bf5 Nf4 32. Ra8+ Kf7 33.
a4 Ne6 34. a5 Nc5 35. Rh8 Re2+ 36. Kb1 Na4 37. Bc2 Nc5 38. Rh7+ Ke6 39. Rxc7
Kd6 40. Rf7 Ke6 41. Rh7 Rd2 42. b4 Na6 43. g5 Rg2 44. Bb3+ Ke5 {nyul resigns}
1-0

[Event "ICS rated blitz match"]
[Site "204.178.125.65"]
[Date "2001.08.06"]
[Round "?"]
[White "nyul"]
[Black "Hossa"]
[Result "0-1"]
[WhiteElo "2048"]
[BlackElo "2493"]
[PlyCount "74"]
[EventDate "2001.??.??"]

1. e4 c5 2. c4 Nc6 3. d3 g6 4. Nc3 Bg7 5. Nf3 d6 6. Be2 Nf6 7. h3 Qb6 8. Rb1
O-O 9. Be3 e5 10. Qd2 Nd4 11. Bd1 Bd7 12. Bh6 Qd8 13. O-O Re8 14. b3 Rb8 15. a4
Qe7 16. Nxd4 cxd4 17. Ne2 Nh5 18. g4 Nf6 19. Ng3 Be6 20. Kh2 Bxh6 21. Qxh6 Kh8
22. f4 Ng8 23. Qg5 f6 24. Qh4 Rf8 25. Ne2 g5 26. fxg5 fxg5 27. Qe1 Rxf1 28.
Qxf1 Rf8 29. Qg2 Qc7 30. Ng3 Ne7 31. Bc2 Ng6 32. Rf1 Nf4 33. Ne2 Nxg2 34. Rxf8+
Kg7 35. Re8 Ne3 36. Rxe6 Qf7 37. Rxd6 Qf2+ {nyul resigns} 0-1

[Event "ICS rated blitz match"]
[Site "204.178.125.65"]
[Date "2001.08.06"]
[Round "?"]
[White "Hossa"]
[Black "cfd"]
[Result "1-0"]
[WhiteElo "2495"]
[BlackElo "2112"]
[PlyCount "23"]
[EventDate "2001.??.??"]

1. d4 g6 2. e4 Bg7 3. c3 d6 4. f4 e6 5. Bd3 Ne7 6. Nf3 b6 7. O-O Bb7 8. Qc2 Bc8
9. f5 exf5 10. exf5 Bxf5 11. Bxf5 Nxf5 12. Qe4+ {cfd resigns} 1-0

[Event "ICS rated blitz match"]
[Site "204.178.125.65"]
[Date "2001.08.06"]
[Round "?"]
[White "Hossa"]
[Black "Gigabit"]
[Result "1-0"]
[WhiteElo "2501"]
[BlackElo "2365"]
[PlyCount "31"]
[EventDate "2001.??.??"]

1. e4 Nf6 2. Nc3 d5 3. exd5 Nxd5 4. Nxd5 Qxd5 5. d4 Nc6 6. Be3 Bf5 7. c4 Qa5+
8. Bd2 Qb6 9. Bc3 O-O-O 10. c5 Nxd4 11. cxb6 Nc2+ 12. Qxc2 Bxc2 13. bxa7 Kd7
14. Rc1 Ba4 15. Bb5+ Bxb5 16. Rd1+ {Gigabit resigns} 1-0